Identification of molecular markers linked to the Agropyron elongatum-derived leaf rust resistance gene Lr24 in wheat (Record no. 60633)

MARC details
000 -LEADER
fixed length control field 00579nam a2200205Ia 4500
100 ## - MAIN ENTRY--AUTHOR NAME
Personal name Sahachermayr G M
245 #0 - TITLE STATEMENT
Title Identification of molecular markers linked to the Agropyron elongatum-derived leaf rust resistance gene Lr24 in wheat
260 ## - PUBLICATION, DISTRIBUTION, ETC. (IMPRINT)
Name of publisher Theoretical and Applied Genetics
Year of publication 1995
300 ## - PHYSICAL DESCRIPTION
Number of Pages 982-990
650 ## - SUBJECT ADDED ENTRY--TOPICAL TERM
Topical Term Agropyron elongatum
650 ## - SUBJECT ADDED ENTRY--TOPICAL TERM
Topical Term RAPD
650 ## - SUBJECT ADDED ENTRY--TOPICAL TERM
Topical Term RFLP
650 ## - SUBJECT ADDED ENTRY--TOPICAL TERM
Topical Term Wheat
700 ## - ADDED ENTRY--PERSONAL NAME
Personal name Feuilet C
700 ## - ADDED ENTRY--PERSONAL NAME
Personal name Keller B
700 ## - ADDED ENTRY--PERSONAL NAME
Personal name Messmer M M
700 ## - ADDED ENTRY--PERSONAL NAME
Personal name Winzeler M
942 ## - ADDED ENTRY ELEMENTS (KOHA)
Koha item type Journals
Holdings
Withdrawn status Lost status Damaged status Not for loan Home library Current library Shelving location Date acquired Serial Enumeration / chronology Koha item type
      Journals RRII Library RRII Library RFLP 18/10/1995 Volume 90, Issue 08-Jul Journals